000 01022cam a22002773a 4500
001 12491
003 PGUSA
005 20140828083252.0
008 040601s2004||||xxu|||||s|||||000 | eng d
040 _aPGUSA
_beng
042 _adc
050 4 _aCT
050 4 _aPR
100 1 _aChesterton, G. K.
_q(Gilbert Keith),
_d1874-1936
245 1 0 _aTwelve Types
_h[electronic resource] /
_cG. K. Chesterton
260 _bProject Gutenberg,
_c2004
505 0 _aCharlotte Brontë -- William Morris and his school -- The optimism of Byron -- Pope and the art of satire -- Francis -- Rostand -- Charles II -- Stevenson -- Thomas Carlyle -- Tolstoy and the cult of simplicity -- Savonarola -- The position of Sir Walter Scott.
506 _aPublic domain in the USA.
516 _aElectronic text
653 _aEnglish literature -- History and criticism
653 _aCharacter sketches
653 _aBiography
830 0 _aProject Gutenberg
_v12491
856 4 0 _uhttp://www.gutenberg.org/ebooks/12491
942 _cEB
999 _c241746
_d241746